| 000 | 00332nam a2200133Ia 4500 | ||
|---|---|---|---|
| 005 | 20251222144812.0 | ||
| 008 | 251222s9999||||xx |||||||||||||| ||spa|| | ||
| 020 | _a84-7908-022-1 | ||
| 082 | _a535.076/I39 | ||
| 100 | _aIllueca, C. | ||
| 245 | 0 | _aProblemas de Tecnología Óptica | |
| 264 | _bUniversidad de Alicante | ||
| 942 | _cLIB | ||
| 999 |
_c20139 _d20139 |
||